| 000 | 02298 a2200313 4500 | ||
|---|---|---|---|
| 999 |
_c1439 _d1439 |
||
| 003 | CoMeUDC | ||
| 005 | 20211006152414.0 | ||
| 008 | 161102s20152020ck |||fr|||| 001 0 spa d | ||
| 020 | _a9789583512766 (7a.Ed.) | ||
| 020 | _a9789583510786 (6a.Ed.) | ||
| 020 | _a9789583509056 (5a.Ed.) | ||
| 040 |
_aCO-BoUCM _bspa _cCO-UdeC |
||
| 082 | 0 | 4 |
_a342.861 _bQ7 |
| 100 | 1 |
_aQuinche Ramírez, Manuel Fernando _934282 |
|
| 245 | 1 | 0 |
_aDerecho constitucional colombiano : _bde la carta de 1991 y sus reformas / _cManuel Fernando Quinche Ramírez. |
| 250 | _aSéptima edición, revisada y puesta al día | ||
| 260 |
_aBogotá : _bTemis, _c2020. |
||
| 300 |
_axxvi, 939 páginas _c24 cm. |
||
| 504 | _aIncluye referencias bibliográficas e índices. | ||
| 505 | _aHistoria constitucional colombiana -- El preámbulo, los principios constitucionales y el bloque de constitucionalidad -- La carta de derechos. Derechos humanos y derechos fundamentales -- Los derechos de libertad (I). Libertades físicas -- Los derechos de libertad (II). Libre desarrollo de la personalidad y libertades de la esfera interna -- Los derechos de igualdad -- Derechos de seguridad o defensiva -- Derechos económicos, sociales y culturales. Los derechos sociales -- Acciones y procesos constitucionales. El derecho procesal constitucional -- Parte orgánica. Estructura del estado y separación de poderes -- La función ejecutiva -- La función legislativa -- La función judicial. El poder judicial -- La organización del control. El control disciplinario y el control fiscal -- La organización electoral y las reformas políticas en Colombia -- El régimen territorial Colombiano -- La constitución económica -- El sistema integral de verdad, justicia, reparación y no repetición - SIVJRNR. | ||
| 546 | _aEspañol | ||
| 650 | 1 | 7 |
_aReformas constitucionales _zColombia _930725 |
| 650 | 2 | 7 |
_aDerecho constitucional _zColombia _912726 |
| 650 | 1 | 7 |
_aHistoria constitucional _zColombia _954682 |
| 690 |
_aDerecho constitucional _912725 |
||
| 775 |
_bQuinta edición _tDerecho constitucional Colombiano : de la carta de 1991 y sus reformas / Manuel Fernando Quinche Ramírez |
||
| 780 | _aDerecho constitucional Colombiano : de la carta de 1991 y sus reformas / Manuel Fernando Quinche Ramírez | ||
| 942 |
_cBK _2ddc |
||